Manual del ingeniero civil
Saved in:
| Main Authors: | , , |
|---|---|
| Format: | Bog |
| Sprog: | spansk |
| Udgivet: |
Ciudad de México
McGraw-Hill Interamericana
1999
|
| Udgivelse: | 3a. ed |
| Fag: | |
| Tags: |
Tilføj Tag
Ingen Tags, Vær først til at tagge denne postø!
|
MARC
| LEADER | 00000nam a2200000 a 4500 | ||
|---|---|---|---|
| 001 | UCM0454 | ||
| 003 | CL-VaPUC | ||
| 008 | 020301e19990000MX |||||||||||||||||spa|d | ||
| 020 | |a 9701022548 | ||
| 020 | |a 9701022556v.1 | ||
| 020 | |a 9701022564v.2 | ||
| 082 | 0 | 4 | |a 624 |b MER |2 21 |
| 100 | |a Merritt, Frederick S. |e autor |9 467250 | ||
| 700 | 0 | |a Loftin, M. Kent |e author |9 467251 | |
| 700 | 0 | |a Ricketts, Jonathan T |e author |9 467252 | |
| 245 | 1 | 0 | |a Manual del ingeniero civil |
| 250 | |a 3a. ed | ||
| 300 | |a v | ||
| 942 | |c BK | ||
| 945 | |d 20020301 00:00:00 |a cmena | ||
| 260 | |a Ciudad de México |b McGraw-Hill Interamericana |c 1999 | ||
| 650 | 0 | |a Ingeniería civil |9 260076 | |
| 650 | 0 | |a Ingeniería de la construcción |9 337989 | |
| 650 | 7 | |a INGENIERIA DEL TRANSPORTE |2 CL-VaPUC |9 439493 | |
| 650 | 0 | |a Ingeniería hidráulica |9 260281 | |
| 650 | 0 | |a Ingeniería de la construcción |9 337989 | |
| 650 | 7 | |a INGENIERIA PORTUARIA |2 CL-VaPUC |9 467253 | |
| 650 | 7 | |a INGENIERIA FERROVIARIA |2 CL-VaPUC |9 467254 | |
| 650 | 0 | |a Materiales de construcción |9 260197 | |
| 650 | 0 | |a Madera |9 262357 | |
| 650 | 7 | |a CEMENTO |2 CL-VaPUC |9 467255 | |
| 650 | 0 | |a Topografía |9 260423 | |
| 650 | 0 | |a Manuales |9 257144 | |
| 583 | |a last modification |c 20020301 00:00:00 |k Rodrigo Vera | ||
| 999 | |c 299360 |d 299358 | ||
| 952 | |0 0 |1 0 |4 0 |6 624_000000000000000_MER_1999 |7 0 |8 F |9 355848 |a BIBMEC |b BIBMEC |d 2019-11-21 |h v.1 |i 3794652 |o 624 MER 1999 |p 3794652 |r 2024-01-19 |w 2019-11-21 |y BK_F |k MEC | ||
| 952 | |0 0 |1 0 |4 0 |6 624_000000000000000_MER_1999 |7 0 |8 F |9 355849 |a BIBMEC |b BIBMEC |d 2019-11-21 |h v.2 |i 3794660 |o 624 MER 1999 |p 3794660 |r 2024-01-19 |w 2019-11-21 |y BK_F |k MEC | ||
| 952 | |0 0 |1 0 |4 0 |6 624_000000000000000_MER_1999 |7 0 |8 F |9 355850 |a BIBMEC |b BIBMEC |d 2019-11-21 |h v.3 |i 3794679 |o 624 MER 1999 |p 3794679 |r 2024-01-19 |w 2019-11-21 |y BK_F |k MEC | ||
| 952 | |0 0 |1 0 |4 0 |6 624_000000000000000_MER_1999 |7 0 |8 F |9 355851 |a BIBING |b BIBING |d 2019-11-21 |h v.1 |i 3960463 |o 624 MER 1999 |p 3960463 |r 2025-01-20 |w 2019-11-21 |y BK_F |k CCL | ||
| 952 | |0 0 |1 0 |4 0 |6 624_000000000000000_MER_1999 |7 0 |8 F |9 355852 |a BIBING |b BIBING |d 2019-11-21 |h v.2 |i 3960471 |o 624 MER 1999 |p 3960471 |r 2025-01-20 |w 2019-11-21 |y BK_F |k CCL | ||